000 00709cam a22002531 4500
001 sa 68000658
003 DLC
005 20260227112426.0
008 860918s1967 pk 000 0 eng
010 _asa 68000658
025 _aPL480:P-E-1213
035 _a(OCoLC)14232252
040 _aDLC
_cWaU
_dWaU
_dDLC
042 _apremarc
043 _aa-pk---
050 0 0 _aHC440.5
_b.H39
082 _a338.91/549
100 1 _aHasan, Mumtaz.
245 1 0 _aStray thoughts on economic development of Pakistan;
_bselected speeches.
260 _a[Karachi,
_bEconomic Research Academy,
_c1967]
300 _a137 p.
_c24 cm.
651 0 _aPakistan
_xEconomic policy.
650 0 _aBanks and banking
_zPakistan.
999 _c77370
_d77370